000 00350nam a2200133Ia 4500
008 100328s9999 xx 000 0 und d
082 _b51908
100 _aहेगशेटये अभिजित
245 _aटकराव
260 _bगं्रथाली
630 _aटकराव
730 _aटकराव
942 _cBOOK
999 _c538803
_d538800